[Event "CRO-chT1B 17th"]
[Site "Sibenik"]
[Date "2008.09.29"]
[Round "3"]
[White "Blagojevic, Stanislav"]
[Black "Novak, Danijel"]
[Result "0-1"]
[WhiteElo "2069"]
[BlackElo "2374"]
[PlyCount "56"]
[EventDate "2008.09.27"]
[EventType "team"]
[EventRounds "9"]
[EventCountry "CRO"]
[SourceTitle "CBM 126 Extra"]
[Source "ChessBase"]
[SourceDate "2008.11.05"]
[SourceVersion "1"]
[SourceVersionDate "2008.11.05"]
[SourceQuality "1"]

1. e4 c5 2. Nf3 Nc6 3. d4 cxd4 4. Nxd4 Nf6 5. Nc3 d6 6. Bc4 Qb6 7. Nxc6 bxc6 8. 0-0 g6 9. Be3 Qc7 10. Qe2 Bg7 11. Rad1 0-0 12. f3 Rb8 13. b3 Nd7 14. Bd4 Ne5 15. h3 Qa5 16. f4 Nxc4 17. Bxg7 Kxg7 18. Qxc4 Ba6 19. Qd4+ e5 20. fxe5 dxe5 21. Qa4 Qxa4 22. Nxa4 Bxf1 23. Kxf1 Rbd8 24. Rc1 Rd2 25. Nc5 Kh6 26. Nd3 f5 27. Nxe5 fxe4+ 28. Kg1 Kg7 0-1

[Event "Belgrade Spring op"]
[Site "Belgrade"]
[Date "2008.03.26"]
[Round "2"]
[White "Zarkovic, Mila"]
[Black "Blagojevic, Stanislav"]
[Result "1-0"]
[WhiteElo "1829"]
[BlackElo "2075"]
[PlyCount "51"]
[EventDate "2008.03.25"]
[EventType "swiss"]
[EventRounds "9"]
[EventCountry "YUG"]
[SourceTitle "CBM 123 Extra"]
[Source "ChessBase"]
[SourceDate "2008.05.06"]
[SourceVersion "1"]
[SourceVersionDate "2008.05.06"]
[SourceQuality "1"]

1. e4 c5 2. Nf3 e6 3. d4 cxd4 4. Nxd4 Nf6 5. Nc3 Bb4 6. Bd3 Nc6 7. Nb3 h6 8. Bd2 0-0 9. 0-0 Qc7 10. Kh1 e5 11. f3 Be7 12. Re1 d6 13. Be3 a6 14. a4 Be6 15. Qd2 Kh7 16. Nd5 Bxd5 17. exd5+ e4 18. dxc6 exd3 19. Qxd3+ Kg8 20. cxb7 Qxb7 21. Re2 Qd5 22. Bd4 Rae8 23. Rae1 Bd8 24. Rxe8 Rxe8 25. Rxe8+ Nxe8 26. Qxa6 1-0